Phương tiện, thiết bị kỹ thuật trong dạy học địa lý /

में बचाया:
ग्रंथसूची विवरण
मुख्य लेखक: Nguyễn Trọng Phúc
स्वरूप: Sách giấy
भाषा:Vietnamese
प्रकाशित: H. : Đại học Quốc gia, 2001
टैग : टैग जोड़ें
कोई टैग नहीं, इस रिकॉर्ड को टैग करने वाले पहले व्यक्ति बनें!
Thư viện lưu trữ: Thư viện Trường Đại học Đà Lạt
LEADER 00717nam a2200277 4500
001 DLU040028849
005 ##20040823
040 # # |a DLU  |b vie 
041 # # |a vie 
044 # # |a vn 
082 # # |a 370.7  |b NG-P 
100 # # |a Nguyễn Trọng Phúc 
245 # # |a Phương tiện, thiết bị kỹ thuật trong dạy học địa lý /  |c Nguyễn Trọng Phúc 
260 # # |a H. :  |b Đại học Quốc gia,  |c 2001 
300 # # |a 240 tr. ;  |c 21 cm 
504 # # |a Tài liệu tham khảo :tr.238-240 
923 # # |a 22/2004 
992 # # |a 19.400 
994 # # |a DLU 
900 # # |a True 
911 # # |a Đào Thị Thu Huyền 
925 # # |a G 
926 # # |a A 
927 # # |a SH 
980 # # |a Thư viện Trường Đại học Đà Lạt